Statistics for Станции Новосибирского метрополитена

Click here to take the quiz!

General Stats

  • This quiz has been taken 159 times
  • The average score is 9 of 13

Answer Stats

линиястанция% Correct
ЛенинскаяПлощадь Ленина
87%
ЛенинскаяРечной вокзал
84%
ЛенинскаяКрасный проспект
83%
ЛенинскаяСтуденческая
78%
ЛенинскаяОктябрьская
74%
ЛенинскаяГагаринская
73%
ЛенинскаяПлощадь Маркса
73%
ЛенинскаяЗаельцовская
71%
ДзержинскаяСибирская
70%
ДзержинскаяЗолотая Нива
67%
ДзержинскаяПлощадь Гарина-Михайловского
64%
ДзержинскаяБерёзовая роща
61%
ДзержинскаяМаршала Покрышкина
59%

Score Distribution

Percentile by Number Answered

Percent of People with Each Score

Your Score History

You have not taken this quiz